[Event "Druzynowe Mistrzostwa Polski Juniorow - Ekstraliga 2018"]
[Site "Kudowa-Zdroj"]
[Date "1899-12-30"]
[Round "3.15"]
[White "Czernecki, Andrzej"]
[Black "Oleksy, Krzysztof"]
[Result "1/2-1/2"]
[WhiteTitle "II+"]
[BlackTitle "I"]
[WhiteElo "1472"]
[BlackElo "1813"]

1. e4 c5 2. Nf3 d6 3. Bb5+ Bd7 4. Bxd7+ Qxd7 5. d4 cxd4 6. Qxd4 Nc6 7. Qd3 Nf6
8. O-O g6 9. c4 Bg7 10. h3 O-O 11. Nc3 Rac8 12. Rb1 Nb4 13. Qe2 Na6 14. Rd1 Qc6
15. b3 Nc5 16. Nd5 Nxd5 17. exd5 Qd7 18. Bb2 Rfe8 19. Bxg7 Kxg7 20. Nd4 a5 21.
Qb2 Kg8 22. Qc3 a4 23. Re1 Ra8 24. Ra1 e5 25. dxe6 fxe6 26. Qg3 axb3 27. axb3
Rxa1 28. Rxa1 Ne4 29. Qf3 d5 30. Rd1 Rf8 31. Qe3 Nxf2 32. Rf1 Ne4 33. Rxf8+ Kxf8
34. Qf4+ Ke7 35. Qe5 Nf6 36. c5 Kf7 37. b4 Ke7 38. b5 Kf7 39. c6 bxc6 40. bxc6
Qc8 41. c7 Ke7 42. Nxe6 Nd7 43. Qxd5 Nb6 44. Qc5+ Kxe6 45. Qxb6+ Kd7 46. Kf2 Qxc7
47. Qxc7+ Kxc7 48. Ke3 Kd7 49. Kf4 Ke6 50. Ke4 h6 51. g3 Kf6 52. Kd5 Kf5 53. Kd4
g5 54. Ke3 h5 55. Kf3 h4 56. gxh4 gxh4 57. Ke3 1/2-1/2

[Event "Druzynowe Mistrzostwa Polski Juniorow - Ekstraliga 2018"]
[Site "Kudowa-Zdroj"]
[Date "1899-12-30"]
[Round "3.16"]
[White "Seemann, Jakub"]
[Black "Matela, Krzysztof"]
[Result "1-0"]
[WhiteTitle "I"]
[BlackTitle "I"]
[WhiteElo "1814"]
[BlackElo "1734"]

1. e4 d5 2. exd5 Nf6 3. d4 Nxd5 4. Nf3 g6 5. c4 Nb6 6. Nc3 Bg7 7. c5 Nd5 8. Bc4
c6 9. O-O Bg4 10. Re1 O-O 11. Bg5 Re8 12. h3 Be6 13. Qb3 b5 14. Bxd5 Bxd5 15.
Nxd5 Qxd5 16. Qxd5 cxd5 17. Bxe7 Nc6 18. Bd6 Nxd4 19. Nxd4 Bxd4 20. Red1 Bxb2
21. Rab1 Bc3 22. Rxb5 d4 23. c6 Rac8 24. c7 f6 25. Rb7 Kf7 26. Bc5 Ke6 27. Bxd4
Ba5 28. Rxa7 Bxc7 29. Ra6+ Kf5 30. Rxf6+ Kg5 31. Rf7 Kh6 32. Be3+ g5 33. Rdd7
Be5 34. Rxh7+ Kg6 35. Rhe7 Rb8 36. g3 Kf5 37. Rxe8 Rxe8 38. Kg2 g4 39. hxg4+ Kxg4
40. Rd5 Ra8 41. Rxe5 Rxa2 42. Rg5# 1-0

[Event "Druzynowe Mistrzostwa Polski Juniorow - Ekstraliga 2018"]
[Site "Kudowa-Zdroj"]
[Date "1899-12-30"]
[Round "3.17"]
[White "Sowa, Wiktoria"]
[Black "Cieslak, Wiktoria"]
[Result "1/2-1/2"]
[WhiteTitle "k"]
[BlackTitle "k++"]
[WhiteElo "1952"]
[BlackElo "1931"]

1. e4 c5 2. Nf3 d6 3. Bb5+ Bd7 4. Bxd7+ Qxd7 5. O-O Nf6 6. e5 dxe5 7. Nxe5 Qc7
8. d4 cxd4 9. Qxd4 Nc6 10. Nxc6 Qxc6 11. Bg5 h6 12. Bxf6 gxf6 13. Nc3 e5 14. Rfe1
Be7 15. Qg4 Qe6 16. Qa4+ Qc6 17. Qg4 Kf8 18. Rad1 Rg8 19. Qh3 Rg6 20. Nd5 Bc5
21. c4 Re8 22. Re4 Bd4 23. Rde1 Re6 24. b3 b5 25. Rc1 Rd6 26. Ree1 bxc4 27. bxc4
Qc5 28. Qf5 Kg7 29. h4 Rxd5 30. cxd5 Qxd5 31. Qe4 Qxa2 32. Rc2 Qe6 33. Qa8 f5
34. Rc8 e4 35. Rg8+ Kh7 36. Rxg6 Qxg6 37. Qd5 Bf6 38. Rc1 Bxh4 39. Rc6 Bf6 40.
Qd6 Be5 41. Qd5 Bf6 42. Ra6 f4 43. Rxa7 Kg7 44. Ra4 e3 45. Rxf4 exf2+ 46. Rxf2
Qb1+ 47. Rf1 Qb6+ 48. Kh1 Qb4 49. g3 Qg4 50. Kg2 h5 51. Rf4 Qg6 52. Qf3 Bg5 53.
Rf5 h4 54. g4 Bf6 55. Kh3 Bg5 56. Qb7 Bd8 57. Qd7 Bf6 58. Qd6 Qh6 59. Qd3 Qc1
60. Qf3 Qc3 61. Qxc3 Bxc3 62. Kxh4 Kg6 63. Rc5 Be1+ 64. Kh3 Bf2 65. Rf5 Be1 66.
Kg2 Bh4 67. Kf3 Bd8 68. Rc5 Bg5 69. Rc6+ f6 70. Ke4 Bd2 71. Rc8 Be1 72. Re8 Bc3
73. Kd5 Kg5 74. Rg8+ Kf4 75. Ke6 Bd4 76. Kf7 Bc3 77. Rg6 Bd4 78. Kg8 Bc3 79. Kh7
Bd4 80. Kh6 Bc3 81. Kh5 Bd4 82. Rg8 Bc3 83. Rc8 Bb2 84. Kh4 Bd4 85. Rc4 Ke5 86.
Kh5 Bf2 87. Rc6 Be3 88. Kg6 Kf4 89. Rc4+ Ke5 90. Rc3 Bd4 91. Rf3 Ke6 92. Ra3 Ke5
93. Ra4 Bc3 94. Rc4 Bb2 95. Rc2 Bd4 96. g5 fxg5 97. Kxg5 Be3+ 98. Kg4 Ke4 99.
Rc8 Bb6 100. Re8+ Kd5 101. Kf5 Bc7 102. Re1 Kd4 103. Rd1+ Ke3 104. Rc1 Bb8 105.
Rc4 Kd3 106. Rb4 Bd6 107. Rb1 Bh2 108. Rb3+ Kd4 109. Ke5+ 1/2-1/2

[Event "Druzynowe Mistrzostwa Polski Juniorow - Ekstraliga 2018"]
[Site "Kudowa-Zdroj"]
[Date "1899-12-30"]
[Round "3.18"]
[White "Kroliczek, Gabriela"]
[Black "Starosta, Martyna"]
[Result "1-0"]
[WhiteTitle "I++"]
[BlackTitle "WCM"]
[WhiteElo "1736"]
[BlackElo "1740"]

1. e4 e5 2. Nf3 Nc6 3. Bc4 Nf6 4. d3 Bc5 5. O-O a6 6. a4 h6 7. c3 Ba7 8. h3 d6
9. Re1 g5 10. Nh2 Rg8 11. Be3 Bxe3 12. Rxe3 h5 13. Nd2 Qe7 14. Ndf1 Bd7 15. Re1
O-O-O 16. b4 Na7 17. b5 a5 18. b6 cxb6 19. Qb3 Kc7 20. Bxf7 Rg7 21. Bc4 Nh7 22.
Ne3 Bc6 23. Nf5 Qf6 24. Nxg7 Qxg7 25. Nf1 Nf6 26. Ne3 Nc8 27. Be6 Bd7 28. Bxd7
Rxd7 29. Rab1 g4 30. Nf5 Qg6 31. h4 Ng8 32. g3 d5 33. Ne3 dxe4 34. dxe4 Nge7 35.
Nd5+ Nxd5 36. exd5 Qf5 37. c4 e4 38. Qe3 Re7 39. Rb5 Qf6 40. c5 bxc5 41. Rxc5+
Kb8 42. Rxa5 Qd6 43. Qd4 Qg6 44. Rb5 Nd6 45. Rb6 Rd7 46. a5 Qf7 47. Qe5 Qf5 48.
Qe6 e3 49. Rxe3 Rf7 50. Qxd6+ Ka7 51. Ra6+ bxa6 52. Qb6+ Ka8 53. Re8+ 1-0

[Event "Druzynowe Mistrzostwa Polski Juniorow - Ekstraliga 2018"]
[Site "Kudowa-Zdroj"]
[Date "1899-12-30"]
[Round "3.19"]
[White "Gumularz, Szymon"]
[Black "Chylewski, Patryk"]
[Result "1-0"]
[WhiteTitle "IM"]
[BlackTitle "FM"]
[WhiteElo "2461"]
[BlackElo "2335"]

1. c4 e6 2. Nc3 d5 3. d4 a6 4. cxd5 exd5 5. Nf3 Nf6 6. Bg5 Be6 7. e3 Nbd7 8. Bd3
Bd6 9. O-O c6 10. Bf4 Qc7 11. Bxd6 Qxd6 12. h3 O-O 13. Qc2 c5 14. dxc5 Nxc5 15.
Rac1 Rac8 16. Qb1 b5 17. Rfd1 b4 18. Ne2 Qb6 19. Ned4 Nfe4 20. Nb3 Nxb3 21. axb3
h6 22. Bxe4 dxe4 23. Nd4 f5 24. Rxc8 Rxc8 25. Rc1 Rxc1+ 26. Qxc1 Kf7 27. Qc2 Qd6
28. Qe2 g6 29. h4 Kf6 30. g3 Qb6 31. Qc2 Qd6 32. Kf1 Ke7 33. Ke1 Kd7 34. g4 Qd5
35. gxf5 gxf5 36. Qe2 Qa5 37. Qd2 Qa1+ 38. Ke2 Ke7 39. Qxb4+ Kf7 40. Qb7+ Kf6
41. Qc6 1-0

[Event "Druzynowe Mistrzostwa Polski Juniorow - Ekstraliga 2018"]
[Site "Kudowa-Zdroj"]
[Date "1899-12-30"]
[Round "3.20"]
[White "Sanz Wawer, Daniel"]
[Black "Czopor, Maciej"]
[Result "1/2-1/2"]
[WhiteTitle "k"]
[BlackTitle "k"]
[WhiteElo "2233"]
[BlackElo "2217"]

1. d4 Nf6 2. c4 e6 3. Nc3 Bb4 4. Qc2 d5 5. cxd5 exd5 6. Bg5 c5 7. Nf3 h6 8. Bxf6
Qxf6 9. a3 Ba5 10. e3 O-O 11. dxc5 Bf5 12. Bd3 Bxc3+ 13. bxc3 Bxd3 14. Qxd3 Na6
15. Qd4 Qc6 16. Ne5 Qc7 17. Nd3 Rac8 18. Rb1 Nxc5 19. Nxc5 Qxc5 20. O-O b6 21.
Qa4 Rc7 22. Rb5 Qc4 23. Qxc4 Rxc4 24. Rc1 Rfc8 25. Rb3 d4 26. exd4 Rxd4 27. g3
Rdc4 28. Kf1 R4c5 29. Rc2 g6 30. Ke2 Kg7 31. Kd3 Rd8+ 32. Ke2 Re5+ 33. Kf1 Rd1+
34. Kg2 Ra1 35. c4 Ra5 36. Rcc3 Ra2 37. Rf3 Rc5 38. Rbd3 Rc7 39. Rc3 Re2 40. Rf4
Re5 41. a4 Ra5 42. Ra3 Rac5 43. Rc3 a6 44. Rb3 R7c6 45. Rc3 g5 46. Rd4 Rc7 47.
h4 b5 48. axb5 axb5 49. hxg5 hxg5 50. f4 Rxc4 51. Rdxc4 Rxc4 52. Rb3 b4 53. fxg5
Kg6 54. Rf3 Rc7 55. Rf6+ Kxg5 56. Rb6 Rc4 57. Kh3 Kf5 58. Rb7 Ke6 59. g4 Rc3+
60. Kh4 b3 61. Kg5 Rf3 62. Kh6 Kd5 63. Kg7 Kc4 64. g5 Kc3 65. Rc7+ Kd2 66. Rb7
Kc2 67. Rc7+ Kb1 68. Rxf7 Rxf7+ 69. Kxf7 b2 70. g6 Kc1 71. g7 b1=Q 72. g8=Q Qb3+
73. Kg7 Qxg8+ 74. Kxg8 1/2-1/2

[Event "Druzynowe Mistrzostwa Polski Juniorow - Ekstraliga 2018"]
[Site "Kudowa-Zdroj"]
[Date "1899-12-30"]
[Round "3.21"]
[White "Fiedorek, Michal"]
[Black "Redzisz, Michal"]
[Result "1/2-1/2"]
[WhiteTitle "I"]
[BlackTitle "I"]
[WhiteElo "2066"]
[BlackElo "1937"]

1. e4 c5 2. Nf3 Nc6 3. d4 cxd4 4. Nxd4 g6 5. c4 Bg7 6. Be3 Nf6 7. Nc3 O-O 8. Be2
d6 9. O-O Bd7 10. Qd2 Nxd4 11. Bxd4 Bc6 12. f3 Nd7 13. Be3 Nc5 14. Rab1 a5 15.
b3 e6 16. Rfd1 Be5 17. Bd4 Qf6 18. Qe3 Rfd8 19. a3 Rac8 20. Bxe5 Qxe5 21. Qd4
Qxd4+ 22. Rxd4 e5 23. Rd2 Ne6 24. Kf2 Kf8 25. Bd3 Nd4 26. Ne2 Nxe2 27. Bxe2 Ke7
28. Ke3 Ke6 29. Rbd1 Rd7 30. b4 axb4 31. axb4 b6 32. Ra1 Bb7 33. Ra7 Rcc7 34.
Rb2 Bc8 35. Ra3 Ra7 36. Rba2 1/2-1/2

[Event "Druzynowe Mistrzostwa Polski Juniorow - Ekstraliga 2018"]
[Site "Kudowa-Zdroj"]
[Date "1899-12-30"]
[Round "3.22"]
[White "Marcinczyk, Monika"]
[Black "Luberanski, Jakub"]
[Result "1-0"]
[WhiteTitle "WCM"]
[BlackTitle "I"]
[WhiteElo "1891"]
[BlackElo "1762"]

1. e4 c5 2. Nf3 e6 3. d4 cxd4 4. Nxd4 Nf6 5. Nc3 d6 6. Be2 Be7 7. O-O O-O 8. f4
Nc6 9. Be3 Bd7 10. Kh1 a6 11. Qe1 Qc7 12. Qg3 b5 13. a3 Kh8 14. Nxc6 Bxc6 15.
Bd4 Rg8 16. Bd3 Qb7 17. Rae1 b4 18. axb4 Qxb4 19. Qe3 Ng4 20. Qh3 Qxd4 21. Qxg4
Rgb8 22. Nd1 Bf6 23. Qh3 Bb5 24. Bxb5 Rxb5 25. c3 Qd2 26. Qf3 e5 27. Re2 Qxf4
28. Qxf4 exf4 29. Rxf4 a5 30. g3 Kg8 31. Ne3 Be5 32. Rf1 a4 33. Nd5 Ra7 34. Ra1
g6 35. Rd2 Kg7 36. Kg2 Rab7 37. Nb4 Ra7 38. Nd5 Rab7 39. Ra2 h5 40. Nb4 Ra7 41.
Rd1 Ra8 42. Rda1 Rba5 43. Nc6 Rb5 44. Nxe5 dxe5 45. b4 Rc8 46. Ra3 Rb7 47. Rd1
Rbc7 48. Rd3 Kf6 49. Kf2 Rc4 50. Ke3 Ra8 51. Rd5 Ke6 52. Rb5 Ra6 53. Kd3 Rac6
54. Ra5 f5 55. exf5+ gxf5 56. R5xa4 e4+ 57. Kc2 Rd6 58. Ra6 Rc7 59. Rxd6+ Kxd6
60. Kb3 e3 61. Ra2 Kd5 62. b5 Kc5 63. Re2 Re7 64. b6 h4 65. Kc2 hxg3 66. hxg3
Kxb6 67. Kd3 Kc5 68. Rxe3 Rd7+ 69. Ke2 Kc4 70. Kf3 Rd1 71. Kf4 Rf1+ 72. Rf3 Ra1
73. Kxf5 Ra8 74. g4 Rf8+ 75. Ke4 Re8+ 76. Kf4 Rf8+ 77. Kg3 Rg8 78. Kh3 Rh8+ 79.
Kg2 Rg8 80. Rg3 Rg5 81. Kh3 Kd5 82. Kh4 Rg8 83. g5 Ke5 84. Kg4 Rc8 85. Re3+ Kd5
86. g6 Rg8 87. Kg5 Kd6 88. Kf6 Rf8+ 89. Kg7 Rf1 90. Kg8 Kd7 91. g7 Rh1 92. Re4
Rh2 93. Kf7 Rf2+ 94. Kg6 Rg2+ 95. Kf6 Rf2+ 96. Kg5 Rg2+ 97. Rg4 Rxg4+ 98. Kxg4
Ke7 99. g8=Q Kd6 100. Kf5 Kc5 101. Ke5 Kb5 102. Kd5 Ka4 103. Qb8 1-0

[Event "Druzynowe Mistrzostwa Polski Juniorow - Ekstraliga 2018"]
[Site "Kudowa-Zdroj"]
[Date "1899-12-30"]
[Round "3.23"]
[White "Harazinska, Magdalena"]
[Black "Moscicka, Pola"]
[Result "1/2-1/2"]
[WhiteTitle "k"]
[BlackTitle "k+"]
[WhiteElo "1997"]
[BlackElo "1934"]

1. d4 Nf6 2. c4 c5 3. d5 e6 4. Nc3 exd5 5. cxd5 d6 6. e4 g6 7. f4 Bg7 8. e5 dxe5
9. fxe5 Nfd7 10. e6 fxe6 11. dxe6 Nf6 12. Qxd8+ Kxd8 13. Bc4 Bxe6 14. Bxe6 Re8
15. Be3 Rxe6 16. O-O-O Nbd7 17. Bxc5 Ne4 18. Nxe4 Rxe4 19. Kb1 Ke8 20. Bd6 Kf7
21. Nh3 Re2 22. Rhf1+ Kg8 23. Rf2 Rxf2 24. Nxf2 Nb6 25. b3 Rd8 26. Rd3 Nc8 27.
Bc7 Rxd3 28. Nxd3 Kf7 29. Kc2 Ke6 30. Nf4+ Kd7 31. Ba5 Be5 32. Bd2 Nd6 33. Kd3
Kc6 1/2-1/2

[Event "Druzynowe Mistrzostwa Polski Juniorow - Ekstraliga 2018"]
[Site "Kudowa-Zdroj"]
[Date "1899-12-30"]
[Round "3.24"]
[White "Trzaskowska, Hanna"]
[Black "Pawicka, Magdalena"]
[Result "1/2-1/2"]
[WhiteTitle "I"]
[BlackTitle "I"]
[WhiteElo "1505"]
[BlackElo "1718"]

1. e4 e5 2. Nf3 Nc6 3. Nc3 Nf6 4. d4 exd4 5. Nxd4 Bb4 6. Nxc6 bxc6 7. Bd3 d5 8.
exd5 cxd5 9. O-O O-O 10. Bg5 c6 11. Qf3 Be7 12. Rfe1 Be6 13. Ne2 h6 14. Bf4 Bd6
15. h3 Qc7 16. Bxh6 Ne4 17. Bf4 f5 18. Bxd6 Qxd6 19. Rad1 Qc7 20. Nf4 Bf7 21.
Bxe4 fxe4 22. Qg4 Rae8 23. Re3 Qe5 24. c3 Qf6 25. Rd2 Re5 26. Rg3 Rf5 27. Ng6
Re8 28. h4 Be6 29. Qe2 Bf7 30. Qg4 Be6 31. Qe2 Bf7 32. Qg4 Be6 33. Qe2 1/2-1/2

[Event "Druzynowe Mistrzostwa Polski Juniorow - Ekstraliga 2018"]
[Site "Kudowa-Zdroj"]
[Date "1899-12-30"]
[Round "3.25"]
[White "Szczurek, Krzysztof"]
[Black "Gazik, Viktor"]
[Result "0-1"]
[WhiteTitle "FM"]
[BlackTitle "IM"]
[WhiteElo "2136"]
[BlackElo "2501"]

1. Nf3 g6 2. g3 Bg7 3. Bg2 e5 4. e4 d6 5. d4 Nd7 6. Nc3 Ne7 7. dxe5 dxe5 8. Bg5
h6 9. Be3 c6 10. Qd2 Qc7 11. O-O-O Nb6 12. Bc5 Bg4 13. Bd6 Qc8 14. Bxe7 Kxe7 15.
h3 Bxf3 16. Qd6+ Ke8 17. Bxf3 Qd8 18. Be2 Qxd6 19. Rxd6 Bf8 20. Rdd1 Bc5 21. Rhf1
h5 22. Nb1 h4 23. g4 Be7 24. c3 Nd7 25. Nd2 Bg5 26. Kc2 Bxd2 27. Rxd2 Nc5 28.
Bc4 Ke7 29. Rfd1 Rhd8 30. f3 Rxd2+ 31. Rxd2 b5 32. Bb3 a5 33. a3 Ra7 34. Ba2 Nd7
35. Rf2 Ra8 36. f4 exf4 37. Rxf4 Ne5 38. Rf2 Rd8 39. b4 axb4 40. axb4 Ra8 41.
Kb1 Ra3 42. Rc2 Nd3 43. Ka1 Ke8 44. Kb1 Kf8 45. g5 Kg7 46. Ka1 Ra7 47. Kb1 Nf4
48. c4 Nxh3 49. cxb5 cxb5 50. Rh2 Nxg5 51. Rxh4 Ra4 52. Bd5 Rxb4+ 53. Kc2 f5 0-1

[Event "Druzynowe Mistrzostwa Polski Juniorow - Ekstraliga 2018"]
[Site "Kudowa-Zdroj"]
[Date "1899-12-30"]
[Round "3.26"]
[White "Godzwon, Iwo"]
[Black "Warchol, Bartosz"]
[Result "1/2-1/2"]
[WhiteTitle "k"]
[BlackTitle "I++"]
[WhiteElo "2218"]
[BlackElo "1950"]

1. e4 c5 2. Nf3 d6 3. d4 cxd4 4. Nxd4 Nf6 5. Nc3 a6 6. Be3 e5 7. Nb3 Be6 8. f3
Be7 9. Qd2 O-O 10. O-O-O a5 11. Qe1 Qc8 12. a4 Nc6 13. g4 Nb4 14. Kb1 Ne8 15.
Rd2 Nc7 16. Bb6 Rd8 17. Nb5 Nxb5 18. Bxb5 Rf8 19. Bxa5 Bxb3 20. Bxb4 Bxa4 21.
Qe2 Qc7 22. Qc4 Qb6 23. Bxa4 Rxa4 24. c3 Rfa8 25. Rhd1 Bg5 26. Qd5 Bxd2 27. Rxd2
Ra1+ 28. Kc2 Qg1 29. Qxd6 Qb1+ 30. Kb3 Qa2+ 31. Kc2 Qb1+ 32. Kb3 Qa2+ 33. Kc2
Qb1+ 34. Kb3 Qa2+ 35. Kc2 Qb1+ 36. Kb3 Qa2+ 37. Kc2 Qb1+ 1/2-1/2

[Event "Druzynowe Mistrzostwa Polski Juniorow - Ekstraliga 2018"]
[Site "Kudowa-Zdroj"]
[Date "1899-12-30"]
[Round "3.27"]
[White "Jozefczyk, Szymon"]
[Black "Oborski, Artur"]
[Result "0-1"]
[WhiteTitle "II"]
[BlackTitle "I+"]
[WhiteElo "1734"]
[BlackElo "1821"]

1. e4 e6 2. d4 d5 3. Nc3 Nf6 4. Bg5 Bb4 5. e5 h6 6. exf6 hxg5 7. fxg7 Rg8 8. a3
Bxc3+ 9. bxc3 Qf6 10. Bd3 Qxg7 11. Nf3 Nd7 12. Qe2 c5 13. Bb5 c4 14. Ne5 Kd8 15.
Bxd7 Bxd7 16. Nxd7 Kxd7 17. Rb1 b6 18. Rb5 Qf8 19. Qf3 f5 20. Qh5 Qxa3 21. O-O
Qe7 22. Re1 Qf6 23. Qf3 Kc6 24. Reb1 Rh8 25. R5b4 Kd7 26. Rb5 Qh6 27. Kf1 Qxh2
28. Rxd5+ exd5 29. Qxf5+ Kc6 30. Qe6+ Qd6 31. Qxd6+ Kxd6 0-1

[Event "Druzynowe Mistrzostwa Polski Juniorow - Ekstraliga 2018"]
[Site "Kudowa-Zdroj"]
[Date "1899-12-30"]
[Round "3.28"]
[White "Bogusz, Alan"]
[Black "Swiech, Lukasz"]
[Result "0-1"]
[WhiteTitle "I"]
[BlackTitle "II"]
[WhiteElo "1637"]
[BlackElo "1591"]

1. d4 Nf6 2. c4 c5 3. d5 b5 4. cxb5 a6 5. b6 d6 6. Nc3 Qxb6 7. e4 g6 8. Nf3 Bg7
9. h3 O-O 10. Nd2 Nbd7 11. Be2 Qc7 12. O-O Bb7 13. a4 Rfb8 14. a5 e6 15. Bc4 exd5
16. exd5 Ne5 17. f4 Nxc4 18. Nxc4 Re8 19. Be3 Ne4 20. Qd3 f5 21. Ra4 Rad8 22.
Nb6 Nf6 23. Re1 Nd7 24. Nc4 Bd4 25. Raa1 Bg7 26. Bf2 Bf6 27. g4 fxg4 28. hxg4
Nf8 29. Ne3 Bc8 30. Kg2 Qf7 31. Kg3 Bd4 32. Ne4 Qe7 33. Ng2 Bg7 34. Nc3 Qd7 35.
Ne3 h5 36. Qd1 Bd4 37. Qf3 Qg7 38. g5 Qd7 39. Kg2 Qf7 40. Ne4 Nh7 41. Nc3 Rf8
42. Bg3 Nxg5 43. Qd1 Nh3 44. Qf3 Nxf4+ 45. Bxf4 Qxf4 46. Qxf4 Rxf4 47. Ne2 Re4
48. Nxd4 cxd4 49. Nc4 Bf5 50. Kf3 Rxe1 51. Rxe1 Kf7 52. Rd1 Bg4+ 0-1

[Event "Druzynowe Mistrzostwa Polski Juniorow - Ekstraliga 2018"]
[Site "Kudowa-Zdroj"]
[Date "1899-12-30"]
[Round "3.29"]
[White "Surpeta, Julia"]
[Black "Jarocka, Liwia"]
[Result "0-1"]
[WhiteTitle "I"]
[BlackTitle "FM"]
[WhiteElo "1611"]
[BlackElo "1984"]

1. d4 Nf6 2. Bf4 d5 3. Nc3 a6 4. e3 e6 5. Nf3 Bd6 6. Bg3 O-O 7. Ne5 c5 8. h4 Nc6
9. h5 h6 10. Be2 Qc7 11. f4 Qa5 12. O-O cxd4 13. Nxc6 bxc6 14. exd4 Rb8 15. Rb1
c5 16. Kh1 cxd4 17. Qxd4 Bb7 18. Bh4 Nd7 19. b4 Qb6 20. Qd3 Bc6 21. Bg4 f5 22.
Bf3 Bb5 23. Nxb5 Qxb5 24. Qe3 Rfe8 25. g4 Nb6 26. gxf5 exf5 27. Qd4 Qc4 28. Qxc4
dxc4 29. a4 Nxa4 30. Bc6 Nc3 31. Ra1 Re3 32. Bf2 Re2 33. Bd4 Ne4 34. Rg1 Nf2+
35. Kg2 Ng4+ 36. Kf3 Rxc2 37. Bd7 Nh2+ 38. Kg3 Rxb4 39. Be6+ Kf8 40. Ra3 Rb5 41.
Re3 Ng4 42. Rf3 Bc5 43. Bxf5 Bxd4 44. Bxc2 Bxg1 45. Kxg4 a5 46. Ra3 Bc5 47. Rc3
Rb4 48. Be4 Bd4 49. Ra3 Rb5 50. Bc6 Rc5 51. Be4 c3 52. Ra2 Bf6 53. Bg6 Ke7 54.
Kf3 Kd6 55. Ke3 Kc6 56. Kd3 Kb5 57. Be8+ Kb6 58. Kc2 Rc4 59. f5 Rf4 0-1

[Event "Druzynowe Mistrzostwa Polski Juniorow - Ekstraliga 2018"]
[Site "Kudowa-Zdroj"]
[Date "1899-12-30"]
[Round "3.30"]
[White "Hertlein, Irena"]
[Black "Dylag, Emilia"]
[Result "0-1"]
[WhiteTitle "I+"]
[BlackTitle "k"]
[WhiteElo "1545"]
[BlackElo "1989"]

1. d4 c5 2. e3 cxd4 3. exd4 d5 4. Bf4 Nc6 5. c3 g6 6. Nf3 Bg7 7. Be2 Nh6 8. Nbd2
O-O 9. O-O f6 10. Re1 g5 11. Be3 Nf5 12. h3 Nxe3 13. fxe3 f5 14. Nxg5 e5 15. Ngf3
e4 16. Nh2 Qg5 17. Bf1 f4 18. exf4 Rxf4 19. Kh1 Bh6 20. c4 Ne7 21. cxd5 Nf5 22.
Qc2 Rf2 23. Nxe4 Rxc2 24. Nxg5 Bxg5 25. Bd3 Ng3+ 26. Kg1 Rxb2 27. Nf3 Bf6 28.
Kh2 Nh5 29. Ne5 Nf4 30. Bf1 Bf5 31. d6 Rd8 32. Bc4+ Kg7 33. Kh1 Rxd6 34. g4 Be6
35. Bxe6 Rxe6 36. g5 Bxe5 37. Rxe5 Rxe5 38. dxe5 Nxh3 39. e6 Nxg5 0-1

[Event "Druzynowe Mistrzostwa Polski Juniorow - Ekstraliga 2018"]
[Site "Kudowa-Zdroj"]
[Date "1899-12-30"]
[Round "4.1"]
[White "Lukasiewicz, Krzysztof"]
[Black "Gazik, Viktor"]
[Result "0-1"]
[WhiteTitle "k"]
[BlackTitle "IM"]
[WhiteElo "2247"]
[BlackElo "2501"]

1. e4 c5 2. Nf3 a6 3. c4 g6 4. d4 Bg7 5. Nc3 cxd4 6. Nxd4 Nc6 7. Be3 Nf6 8. Be2
O-O 9. O-O d6 10. Rc1 Nxd4 11. Bxd4 Be6 12. f4 Qa5 13. Qd3 Rfe8 14. a3 Rac8 15.
Nd5 Nd7 16. b4 Qa4 17. Bxg7 Kxg7 18. Ne3 f6 19. Bg4 Bxg4 20. Nxg4 a5 21. e5 axb4
22. exd6 bxa3 23. f5 h5 24. Ne3 Ne5 25. Qe4 Qc6 26. Nd5 g5 27. dxe7 Rxe7 28. Qe3
Rd7 29. h4 Qc5 30. Qxc5 Rxc5 31. hxg5 fxg5 32. f6+ Kf8 33. Rce1 Nxc4 34. Ne7 Kf7
35. Nf5 Ne5 36. Nh6+ Kg6 37. Rxe5 Rxe5 38. f7 Rd8 39. Ng8 Kg7 0-1

[Event "Druzynowe Mistrzostwa Polski Juniorow - Ekstraliga 2018"]
[Site "Kudowa-Zdroj"]
[Date "1899-12-30"]
[Round "4.2"]
[White "Godzwon, Iwo"]
[Black "Sernecki, Franciszek"]
[Result "1/2-1/2"]
[WhiteTitle "k"]
[BlackTitle "I+"]
[WhiteElo "2218"]
[BlackElo "2175"]

1. e4 e6 2. d4 d5 3. Nd2 c5 4. exd5 exd5 5. Ngf3 Nc6 6. Bb5 cxd4 7. O-O Bd6 8.
Re1+ Nge7 9. Nxd4 O-O 10. N2f3 Bg4 11. Nxc6 bxc6 12. Bd3 Bf5 13. b3 Re8 14. Bb2
Qd7 15. Bxf5 Nxf5 16. Qd2 f6 17. g3 Re4 18. Re2 Rxe2 19. Qxe2 Re8 20. Qd3 Be5
21. Re1 Bxb2 22. Rxe8+ Qxe8 23. Qxf5 g6 24. Qd3 Qe4 25. Qxe4 dxe4 26. Nd2 f5 27.
Kf1 Kf7 28. Ke2 Ke6 29. f3 Kd5 30. fxe4+ fxe4 31. Nc4 Bc3 32. Ke3 g5 33. g4 Bd4+
34. Ke2 Bg1 35. h3 Kd4 36. Na5 Kc3 37. Nxc6 Kxc2 38. b4 Kc3 39. a4 Kc4 40. b5
Bc5 41. Kd2 Bg1 42. Ke2 Bc5 43. Kd2 Bf2 44. Ke2 Bg1 45. Kf1 Bc5 46. Ke2 1/2-1/2

[Event "Druzynowe Mistrzostwa Polski Juniorow - Ekstraliga 2018"]
[Site "Kudowa-Zdroj"]
[Date "1899-12-30"]
[Round "4.3"]
[White "Kosior, Jan"]
[Black "Oborski, Artur"]
[Result "0-1"]
[WhiteTitle "II"]
[BlackTitle "I+"]
[WhiteElo "1466"]
[BlackElo "1821"]

1. e4 e6 2. d4 d5 3. exd5 exd5 4. Nf3 Nf6 5. Bd3 Be7 6. h3 O-O 7. O-O Nbd7 8. Nbd2
c5 9. c3 c4 10. Bc2 b5 11. Re1 Bb7 12. Ne5 Bd6 13. Ndf3 Ne4 14. Nxd7 Qxd7 15.
Ng5 Nf6 16. Nf3 Rae8 17. Ne5 Qc7 18. Bf4 Ne4 19. f3 f6 20. fxe4 fxe5 21. Bxe5
Bxe5 22. dxe5 Rxe5 23. exd5 Rxd5 24. Qe2 Rg5 25. Be4 Qb6+ 26. Qe3 Bxe4 27. Qxb6
Rxg2+ 28. Kh1 axb6 29. Rxe4 Rxb2 30. Re6 b4 31. Rxb6 bxc3 32. Rc6 c2 33. Rxc4
Rb1+ 34. Kg2 Rxa1 35. Rxc2 Ra8 36. Kg3 R1xa2 0-1

[Event "Druzynowe Mistrzostwa Polski Juniorow - Ekstraliga 2018"]
[Site "Kudowa-Zdroj"]
[Date "1899-12-30"]
[Round "4.4"]
[White "Bogusz, Alan"]
[Black "Wieczorek, Mikolaj"]
[Result "0-1"]
[WhiteTitle "I"]
[BlackTitle "I"]
[WhiteElo "1637"]
[BlackElo "1651"]

1. e4 c5 2. Nf3 Nc6 3. d4 cxd4 4. Nxd4 Nf6 5. Nc3 e5 6. Ndb5 d6 7. Bg5 a6 8. Na3
b5 9. Nd5 Be7 10. Bxf6 Bxf6 11. c3 Rb8 12. Nc2 Bg5 13. Bd3 O-O 14. O-O Be6 15.
Nce3 Ne7 16. Bc2 Bxe3 17. Nxe3 g6 18. Bb3 a5 19. Bd5 Nxd5 20. Nxd5 f5 21. Qd3
f4 22. f3 Kg7 23. Rad1 h5 24. Rf2 g5 25. h3 g4 26. hxg4 hxg4 27. Kf1 Rh8 28. Ke1
Qh4 29. Ke2 g3 30. Rff1 Qh2 31. Rg1 Bh3 32. Nxf4 exf4 33. Qxd6 Rbf8 34. Qe5+ Rf6
35. Qg5+ Kf7 36. e5 Rg6 37. Qxf4+ Kg7 38. Qd4 Be6 39. Qa7+ Bf7 40. Rd7 Rf8 41.
Qd4 Kg8 42. b3 Re8 43. f4 Rf6 44. Kd2 Rf5 45. Rd6 Qh4 46. Ke3 Qg4 47. Rh1 Bh5
48. Qd5+ Rf7 49. Rf6 Qe2+ 50. Kd4 Qf2+ 51. Kd3 Be2+ 52. Kc2 Bc4+ 53. Qd2 Rxf6
54. bxc4 Rxf4 55. cxb5 Rxe5 56. Kc1 Qxd2+ 57. Kd1 0-1

[Event "Druzynowe Mistrzostwa Polski Juniorow - Ekstraliga 2018"]
[Site "Kudowa-Zdroj"]
[Date "1899-12-30"]
[Round "4.5"]
[White "Frej, Zofia"]
[Black "Jarocka, Liwia"]
[Result "1/2-1/2"]
[WhiteTitle "k"]
[BlackTitle "FM"]
[WhiteElo "1938"]
[BlackElo "1984"]

1. e4 c5 2. Nf3 e6 3. d4 cxd4 4. Nxd4 Nf6 5. Nc3 d6 6. g3 Nc6 7. Bg2 Bd7 8. Ndb5
Bc8 9. a4 a6 10. Na3 Qc7 11. Bf4 Ne5 12. O-O Bd7 13. Qd4 Be7 14. Rfd1 h6 15. Qb4
Rc8 16. Rd2 Nc6 17. Qc4 O-O 18. Qe2 e5 19. Be3 Be6 20. Nd5 Bxd5 21. exd5 Nb8 22.
b3 Nh7 23. Nc4 Nd7 24. f4 exf4 25. Bxf4 Rfe8 26. Re1 b5 27. axb5 axb5 28. Nb2
Qb8 29. Qf2 Bf6 30. Nd3 Rxe1+ 31. Nxe1 Re8 32. Kf1 Ne5 33. Bxe5 Bxe5 34. Nd3 Qc7
35. Nxe5 Rxe5 36. Re2 Rxe2 37. Qxe2 Qd7 38. Be4 Nf6 39. c4 bxc4 40. bxc4 Kf8 41.
Kg2 Qe7 42. Bf3 Qxe2+ 43. Bxe2 Nd7 44. Kf3 1/2-1/2

[Event "Druzynowe Mistrzostwa Polski Juniorow - Ekstraliga 2018"]
[Site "Kudowa-Zdroj"]
[Date "1899-12-30"]
[Round "4.6"]
[White "Hertlein, Irena"]
[Black "Scisla, Oliwia"]
[Result "1-0"]
[WhiteTitle "I+"]
[BlackTitle "I+"]
[WhiteElo "1545"]
[BlackElo "1345"]

1. d4 d5 2. Bf4 Bf5 3. e3 e6 4. Nf3 c5 5. Bxb8 Rxb8 6. Bb5+ Ke7 7. dxc5 a6 8. Bd3
Qa5+ 9. Nc3 Bxd3 10. Qxd3 Qxc5 11. O-O g6 12. e4 Nf6 13. exd5 Nxd5 14. Nxd5+ Qxd5
15. Qc3 Bh6 16. Qb4+ Qd6 17. Qh4+ f6 18. Qxh6 Rbg8 19. Rad1 Qb4 20. Qd2 Qxd2 21.
Rxd2 Rd8 22. Rfd1 Rxd2 23. Rxd2 Rd8 24. Kf1 Rxd2 25. Nxd2 h6 26. Ke2 b6 27. Kd3
Kd7 28. Kd4 Kc6 29. f4 b5 30. Ne4 f5 31. Nc5 g5 32. fxg5 hxg5 33. Nxe6 g4 34.
Ke5 Kd7 35. Kxf5 Ke7 36. Nc5 a5 37. Kxg4 Kf7 38. Kf5 b4 39. g4 b3 40. axb3 a4
41. bxa4 Kg8 42. Kg6 Kh8 43. Ne6 1-0